Estadísticas para Países de Europa por Densidad de Población

Haz click aquí para tomar la prueba!

Estadísticas generales

  • Esta prueba ha sido tomada 87 veces
  • La puntuación promedio es 21 de 40

Estadísticas de respuestas

Densidad de población (/km^2)Países% Correcto
18,960Mónaco
98%
2,273Ciudad del Vaticano
94%
1,505Malta
82%
546San Marino
80%
416Países Bajos
74%
374Bélgica
71%
272Reino Unido
64%
200Italia
62%
14Noruega
62%
232Alemania
61%
16Finlandia
61%
3,5Islandia
61%
206Suiza
61%
92España
59%
23Suecia
59%
29Estonia/Rusia
58%
238Liechtenstein
58%
233Luxemburgo
58%
135Dinamarca/República Checa
56%
118Francia
56%
30Letonia
55%
43Lituania
52%
160Andorra
50%
123Polonia
47%
112Portugal
47%
82Rumania/Grecia
47%
106Austria
45%
73Ucrania/Croacia
45%
69Irlanda/Bosnia y Herzegovina
41%
46Bielorrusia
39%
105Hungría
39%
175Kosovo
36%
90Serbia
36%
111Eslovaquia
35%
45Montenegro
35%
100Albania
32%
64Bulgaria
32%
102Eslovenia
32%
81Macedonia del Norte
29%
103Moldavia
24%

Distribución de puntuación

Porcentaje por número respondido

Porcentaje de gente con cada puntuación

Historial de tus puntuaciones

No has tomado esta prueba